Handbook of synthetic organic chemistry / (Record no. 27250)

MARC details
000 -LEADER
fixed length control field 01933cam a2200313 i 4500
003 - CONTROL NUMBER IDENTIFIER
control field EG-ScBUE
005 - DATE AND TIME OF LATEST TRANSACTION
control field 20260105101311.0
008 - FIXED-LENGTH DATA ELEMENTS--GENERAL INFORMATION
fixed length control field 160917t2017 enka f b 001 0 eng d
020 ## - INTERNATIONAL STANDARD BOOK NUMBER
International Standard Book Number 9780128095812
040 ## - CATALOGING SOURCE
Original cataloging agency IDEBK
Language of cataloging eng
Description conventions rda
Transcribing agency IDEBK
Modifying agency OCLCO
-- Uk
-- EG-ScBUE
082 04 - DEWEY DECIMAL CLASSIFICATION NUMBER
Classification number 547
Item number PIR
Edition number 22
100 1# - MAIN ENTRY--PERSONAL NAME
Personal name Pirrung, Michael,
Relator term author.
245 10 - TITLE STATEMENT
Title Handbook of synthetic organic chemistry /
Statement of responsibility, etc Michael C. Pirrung.
246 30 - VARYING FORM OF TITLE
Title proper/short title Synthetic organic chemistry
250 ## - EDITION STATEMENT
Edition statement Second edition.
264 #1 - PUBLICATION, DISTRIBUTION, ETC. (IMPRINT)
Place of publication, distribution, etc London :
Name of publisher, distributor, etc Academic Press, / Elsevier,
Date of publication, distribution, etc [2017]
264 #4 - PUBLICATION, DISTRIBUTION, ETC. (IMPRINT)
Date of publication, distribution, etc c2017
300 ## - PHYSICAL DESCRIPTION
Extent xii, 272 pages :
Other physical details illustrations (some color) ;
Dimensions 24 cm
336 ## - CONTENT TYPE
Source rdacontent
Content type term text
Content type code txt
337 ## - MEDIA TYPE
Media type term unmediated
Source rdamedia
Media type code n
338 ## - CARRIER TYPE
Carrier type term volume
Carrier type code nc
Source rdacarrier
504 ## - BIBLIOGRAPHY, ETC. NOTE
Bibliography, etc Includes bibliographical references and index.
505 0# - FORMATTED CONTENTS NOTE
Formatted contents note 1. Safety<br>2. Searching the literature<br>3. Reagents<br>4. Gases<br>5. Reactions on a small scale -- 1-25 mmol<br>6. Temperature control<br>7. Solvents<br>8. The research notebook<br>9. Conducting the reaction itself<br>10. Following the reaction<br>11. Working up reactions<br>12. Evaporation<br>13. Vacuum systems<br>14. Purification of products<br>15. Methods for structure elucidation<br>16. Cleaning up after the reaction<br>17. Specific examples<br>18. Strategies for reaction optimization<br>Appendices<br>1. Safety protocols<br>2. Synthetic solvent selection chart<br>3. Solvent miscibility<br>4. Freezing points of common organic solvents<br>5. Toxicities of common organic solvents<br>6. Recipes for TLC stains<br>7. NMR spectral data of common contaminants of organic and organometallic reaction products<br>8. Acidities of organic functional groups<br>9. Acidities of organic functional groups in DMSO<br>10. Stuck joints
650 #7 - SUBJECT ADDED ENTRY--TOPICAL TERM
Topical term or geographic name as entry element Organic compounds
General subdivision Synthesis.
Source of heading or term BUEsh
9 (RLIN) 41977
651 ## - SUBJECT ADDED ENTRY--GEOGRAPHIC NAME
Source of heading or term BUEsh
653 ## - INDEX TERM--UNCONTROLLED
Resource For college Engineering, Chemical
Arrived date list March2019
655 ## - INDEX TERM--GENRE/FORM
Form subdivision Reading book
942 ## - ADDED ENTRY ELEMENTS (KOHA)
Source of classification or shelving scheme Dewey Decimal Classification
Koha item type Book - Borrowing
Holdings
Withdrawn status Lost status Source of classification or shelving scheme Damaged status Not for loan Collection code Home library Current library Shelving location Date acquired Source of acquisition Cost, normal purchase price Serial Enumeration / chronology Total Checkouts Full call number Barcode Date last seen Cost, replacement price Koha item type
    Dewey Decimal Classification     Baccah Central Library Central Library First floor 18/03/2019 Purchase 2199.00 173   547 PIR 000043262 15/07/2025 2748.75 Book - Borrowing